Statistics for 拼音A/B开头的中国县级行政区County-Level Regions Starts with Pinyin A/B in China

Click here to take the quiz!

General Stats

  • This quiz has been taken 20 times
    (18 since last reset)
  • The average score is 60 of 145

Answer Stats

Answer% Correct
本溪满族自治县
93%
阿城区
93%
宾县
93%
霸州市
93%
昂昂溪区
87%
北安市
87%
宝安区
80%
博山区
80%
宾阳县
80%
阿勒泰市
80%
爱辉区
80%
阿拉尔市
80%
宝山区(上海市)
80%
宝山区(双鸭山市)
80%
滨海新区
73%
巴南区
73%
滨海县
73%
安阳县
73%
彬州市
73%
阿克苏市
73%
安宁市
67%
阿尔山市
67%
博白县
67%
巴东县
67%
阿拉山口市
67%
蚌山区
67%
安宁区
67%
博乐市
60%
滨城区
60%
拜城县
60%
碑林区
60%
滨湖区
60%
巴州区
60%
安定区
60%
北镇市
60%
璧山区
53%
安州区
53%
白河县
53%
阿图什市
53%
灞桥区
53%
安平县
53%
博兴县
53%
安陆市
53%
泌阳县
53%
保康县
53%
保亭黎族苗族自治县
53%
安国市
53%
碧江区
47%
白沙黎族自治县
47%
白水县
47%
安化县
47%
包河区
47%
安新县
47%
阿克陶县
47%
安溪县
47%
阿拉善右旗
47%
滨江区
47%
阿拉善左旗
47%
播州区
47%
安远县
40%
阿合奇县
40%
布尔津县
40%
泊头市
40%
安达市
40%
北辰区
40%
博湖县
40%
八步区
40%
安源区
40%
安图县
40%
北流市
40%
北票市
40%
安义县
40%
安乡县
40%
宝丰县
33%
宾川县
33%
宝兴县
33%
勃利县
33%
保德县
33%
北湖区
33%
北屯市
33%
博罗县
33%
北碚区
33%
北川羌族自治县
33%
波密县
33%
阿巴嘎旗
33%
安仁县
33%
白云区(广州市)
33%
巴彦县
33%
巴马瑶族自治县
33%
阿荣旗
33%
安丘市
33%
阿鲁科尔沁旗
33%
白云区(贵阳市)
33%
柏乡县
33%
拜泉县
33%
巴楚县
27%
巴里坤哈萨克自治县
27%
比如县
27%
班戈县
27%
八宿县
27%
安福县
27%
巴塘县
27%
北塔区
27%
敖汉旗
27%
北仑区
27%
班玛县
27%
北关区
27%
爱民区
27%
阿克塞哈萨克族自治县
27%
阿坝县
27%
博望区
27%
鲅鱼圈区
20%
安泽县
20%
昂仁县
20%
宝清县
20%
边坝县
20%
宝塔区
20%
博爱县
20%
宝应县
20%
保靖县
20%
白杨市
20%
阿瓦提县
20%
安次区
20%
北林区
20%
博野县
13%
安吉县
13%
安多县
13%
安居区
13%
安龙县
13%
巴林左旗
13%
安塞区
13%
安岳县
13%
八公山区
13%
巴林右旗
13%
巴宜区
13%
北戴河区
13%
白碱滩区
13%
白塔区
13%
白银区
13%
白玉县
13%
巴青县
7%
白朗县
7%
白云鄂博矿区
7%
宝坻区
7%
布拖县
7%

Score Distribution

Percentile by Number Answered

Percent of People with Each Score

Your Score History

You have not taken this quiz since the last reset